000
00295nam a2200121Ia 4500
008
190216s9999||||xx |||||||||||||| ||und||
100
_a
Raja Raman V
245
0
_a
Computer Programming In Fortran 77
260
_b
Pentice Hall Of India
_c
1995
300
_a
182p
650
_a
Computer
942
_c
BK
999
_c
8711
_d
8711